Curso moderno de geometria analítica /

Guardado en:
Autor Principal: Rodrigues, Antônio.
Formato: Libro
Idioma:Portuguese
Publicado: Pôrto Alegre : [Editôra Meridional "EMMA"], 1969.
Edición:2ª ed.
Etiquetas: Agregar Etiqueta
Sin Etiquetas, Sea el primero en etiquetar este registro!
LEADER 00569nam a22001575a 4500
001 MAT.inmabb001930
008 040103s1969####bl#a##########000#0#por#d
005 20170511163029.0
245 1 0 |a Curso moderno de geometria analítica /  |c Antônio Rodrigues. 
250 |a 2ª ed. 
260 |a Pôrto Alegre :  |b [Editôra Meridional "EMMA"],  |c 1969. 
300 |a 183 p. :  |b il. ;  |c 23 cm. 
500 |a Cab. de portada: Universidade Federal do Rio Grande do Sul. Instituto de Matemática. 
100 1 |a Rodrigues, Antônio. 
084 |a 51 
859 |h 51  |i R696-2  |p A-3493  |v 1  |3 Vol. I  |b BIB. MATEMATICA